Scènes de crimes en France - Statistiques

Statistiques générales
  • Ce quiz a été pris 77 fois
  • Le résultat moyen est 4 sur 15
Statistiques - réponses
Affaires Lieu % Correct
Affaire "Charlie Hebdo" Paris
89%
Affaire Xavier Dupont de Ligonnès Nantes
86%
Affaire du préfet Erignac Ajaccio
35%
Affaire Simone Weber Nancy
29%
Affaire Agnès Leroux Nice
29%
Affaire Flactif Le Grand Bornand
25%
Affaire Dominique Pelicot Mazan
23%
Affaire Estelle Mouzin Guermantes
17%
Affaire "Maelys" Pont-de-Beauvoisin
14%
Affaire Sophie Le Tan Schiltigheim
11%
Affaire Jonathan et Alexia Daval Gray-la-Ville
9%
Affaire Yann Piat Hyères
9%
Affaire Elodie Kulik Péronne
9%
Affaire Christine Malèvre Mantes-la-Jolie
6%
Affaire Jean-Claude Romand Prévessin-Moëns
6%
Aucun quiz correspondant
Distribution des résultats
% des personnes avec chaque résultat
Percentile par nombre de réponses
Votre historique - résultats
Vous n’avez pas pris ce quiz